Gorra de plat / (Record no. 31755)

MARC details
000 -LEADER
campo de control de longitud fija 00491nam a2200181 i 4500
001 - NÚMERO DE CONTROL
campo de control 31755
003 - IDENTIFICADOR DE NÚMERO DE CONTROL
campo de control ES-MaACL
005 - FECHA Y HORA DE LA ÚLTIMA TRANSACCIÓN
campo de control 20250607063014.0
007 - CAMPO FIJO DE DESCRIPCIÓN FÍSICA--INFORMACIÓN GENERAL
campo de control de longitud fija t|
008 - DATOS DE LONGITUD FIJA--INFORMACIÓN GENERAL
campo de control de longitud fija 030130s1967 sp ||||1| cat d
100 1# - ENTRADA PRINCIPAL--NOMBRE DE PERSONA
Nombre de persona Benguerel, Xavier,
Fechas asociadas al nombre 1905-1990
9 (RLIN) 27580
245 10 - MENCIÓN DEL TÍTULO
Título Gorra de plat /
Mención de responsabilidad, etc. Xavier Benguerel.
250 ## - MENCION DE EDICION
Mención de edición 1ª ed.
260 ## - PUBLICACIÓN, DISTRIBUCIÓN, ETC.
Lugar de publicación, distribución, etc. Madrid, etc. :
Nombre del editor, distribuidor, etc. Alfaguara,
Fecha de publicación, distribución, etc. [1967]
300 ## - DESCRIPCIÓN FÍSICA
Extensión 312 p. ;
Dimensiones 21 cm.
852 ## - LOCALIZACIÓN
Ubicación ES-MaACL
Número de control de estantería C-32073
Sublocalización o colección R.62723
Holdings
Estatus retirado Estado de pérdida Estado de daño No para préstamo Biblioteca de origen Biblioteca actual Ubicación en estantería Fecha de adquisición Fuente de adquisición Total de préstamos Signatura topográfica completa Código de barras Visto por última vez Precio de reemplazo Tipo de ítem Koha
        Biblioteca del Ateneo de Madrid Biblioteca del Ateneo de Madrid Depósito 2 17/01/2008     C-32073 1032831 23/02/2023 23/02/2023 Libro impreso